Использование САПР DipTrace для автоматизации проектирования печатной платы: методические указания к выполнению лабораторной работы по курсу "Автоматизация проектирования систем и средств управления" для студентов специальности 210100 "Управление и информатика в технических системах"

Λεπτομέρειες βιβλιογραφικής εγγραφής
Κύριος συγγραφέας: Яковлева Е. М. Елена Максимовна
Συγγραφή απο Οργανισμό/Αρχή: Национальный исследовательский Томский политехнический университет (ТПУ)
Άλλοι συγγραφείς: Вичугова А. А. Анна Александровна
Περίληψη:Заглавие с титульного экрана
Текстовый файл
AM_TPU_network
Γλώσσα:Ρωσικά
Έκδοση: Томск, 2010
Θέματα:
Διαθέσιμο Online:http://www.lib.tpu.ru/fulltext2/m/2015/m058.pdf
Μορφή: Ηλεκτρονική πηγή Βιβλίο
KOHA link:https://koha.lib.tpu.ru/cgi-bin/koha/opac-detail.pl?biblionumber=288465

MARC

LEADER 00000nam0a2200000 4500
001 288465
005 20260323112825.0
035 |a (RuTPU)RU\TPU\book\312935 
035 |a RU\TPU\book\309623 
090 |a 288465 
100 |a 20150325d2010 m y0rusy50 ca 
101 0 |a rus 
102 |a RU 
105 |a a j 001zy 
135 |a drcn ---uucaa 
181 0 |a i  
182 0 |a b 
200 1 |a Использование САПР DipTrace для автоматизации проектирования печатной платы  |e методические указания к выполнению лабораторной работы по курсу "Автоматизация проектирования систем и средств управления" для студентов специальности 210100 "Управление и информатика в технических системах"  |f Е. М. Яковлева, А. А. Вичугова  |g Национальный исследовательский Томский политехнический университет (ТПУ) 
203 |a Текст  |c электронный  |b визуальный 
210 |a Томск  |d 2010 
300 |a Заглавие с титульного экрана 
336 |a Текстовый файл 
371 0 |a AM_TPU_network 
606 1 |a САПР система автоматизированного проектирования  |x Программное обеспечение  |2 stltpush  |3 (RuTPU)RU\TPU\subj\71766  |9 85534 
606 1 |a Печатные платы  |x Электротехника  |2 stltpush  |3 (RuTPU)RU\TPU\subj\73548  |9 86478 
610 1 |a электронный ресурс 
610 1 |a методические указания 
610 1 |a автоматизация 
610 1 |a проектирование 
610 1 |a печатные платы 
610 1 |a передача информации 
610 1 |a структурные схемы 
610 1 |a функциональные схемы 
610 1 |a передающие устройства 
610 1 |a графические редакторы 
610 1 |a Dip Trace 
610 1 |a электрические схемы 
610 1 |a компоненты 
610 1 |a шины 
610 1 |a электрические цепи 
610 1 |a трассировка 
610 1 |a передающие пункты 
675 |a 004.42:004.896(076.5)  |v 4 
675 |a 621.3.04(076.5)  |v 4 
700 1 |a Яковлева  |b Е. М.  |c специалист в области автоматического управления  |c доцент Томского политехнического университета  |f 1946-  |g Елена Максимовна  |3 (RuTPU)RU\TPU\pers\27106  |9 12656 
701 1 |a Вичугова  |b А. А.  |c специалист в области информатики и вычислительной техники  |c ассистент Томского политехнического университета  |f 1986-  |g Анна Александровна  |3 (RuTPU)RU\TPU\pers\28982  |9 13703 
712 0 2 |a Национальный исследовательский Томский политехнический университет (ТПУ)  |c (2009- )  |3 (RuTPU)RU\TPU\col\15902 
801 2 |a RU  |b 63413507  |c 20160614  |g RCR 
856 4 0 |u http://www.lib.tpu.ru/fulltext2/m/2015/m058.pdf  |z http://www.lib.tpu.ru/fulltext2/m/2015/m058.pdf 
942 |c CF